Salman Rushdie Bibliography - Statistics

General Stats
  • This quiz has been taken 15 times
    10 since last reset
  • The average score is 11 of 36
Answer Stats
Type Year Name % Correct
Novel 1988 The Satanic Verses
100%
Novel 1981 Midnight's Children
89%
Children's Novel 1990 Haroun and the Sea of Stories
78%
Autiobiography 2012 Joseph Anton: A Memoir
78%
Novel 1975 Grimus
67%
Novel 1983 Shame
67%
Novel 1995 The Moor's Last Sigh
67%
Short Story Collection 1994 East, West
56%
Children's Novel 2010 Luka and the Fire of Life
56%
Novel 2019 Quichotte
56%
Novel 2005 Shalimar the Clown
56%
Novel 2008 The Enchantress of Florence
56%
Novel 2017 The Golden House
56%
Novel 1999 The Ground Beneath Her Feet
56%
Novel 2001 Fury
44%
Non-Fiction Book 1987 The Jaguar Smile
44%
Essay Collection 1992 Imaginary Homelands
33%
Essay Collection 2021 Languages of Truth: Essays 2003-2020
33%
Novel 2015 Two Years Eight Months and Twenty-Eight Nights
22%
Essay Collection 2002 Step Across This Line: Collected Nonfiction 1992-2002
11%
Short Story 1994 The Prophet's Hair
11%
Essay 2009 A Fine Pickle
0%
Short Story 1994 At the Auction of the Ruby Slippers
0%
Short Story 1994 Chekov and Zulu
0%
Short Story 1994 Christopher Columbus and Queen Isabella of Spain Consummate Their Relationship (Santa Fé, AD 1492)
0%
Short Story 1994 Good Advice Is Rarer Than Rubies
0%
Essay 1999 Imagine There Is No Heaven
0%
Essay 1990 In Good Faith
0%
Essay 2012 In the South
0%
Essay 1998 Mohandas Gandhi
0%
Short Story 1994 The Counter
0%
Essay 2004 The East is Blue
0%
Short Story 1994 The Free Radio
0%
Short Story 1994 The Harmony of the Spheres
0%
Essay 1992 The Wizard of Oz: BFI Film Classics
0%
Short Story 1994 Yorick
0%
No matching quizzes found
Score Distribution
Percent of People with Each Score
Percentile by Number Answered
Your Score History
You have not taken this quiz since the last reset